Islam and Muslims in South Asia (Record no. 10688)

MARC details
000 -LEADER
fixed length control field 00641nam a2200241 a 4500
020 ## - INTERNATIONAL STANDARD BOOK NUMBER
ISBN
082 00 - DEWEY DECIMAL CLASSIFICATION NUMBER
Classification number 297.0954
Author Cutter SID
100 ## - MAIN ENTRY--AUTHOR NAME
Author name Siddiqui, Iqtidar Husain
245 ## - TITLE STATEMENT
Title Islam and Muslims in South Asia
Sub title Historical Perspective.
260 ## - PUBLICATION, DISTRIBUTION, ETC. (IMPRINT)
Place of publication Delhi
Name of publisher Adam Publishers
Year of publication 1987
300 ## - PHYSICAL DESCRIPTION
Number of Pages 201p.
500 ## - GENERAL NOTE
General note includes index and biblioraphy
505 2# - FORMATTED CONTENTS NOTE
Formatted contents note Selected Bibliography, Index
650 ## - SUBJECT ADDED ENTRY--TOPICAL TERM
Topical Term Islam-Asia
942 ## - ADDED ENTRY ELEMENTS (KOHA)
Koha item type Books
700 1# -
-- Siddiqui, Iqtidar Husain
Holdings
Collection code Home library Current library Date acquired Cost, normal purchase price Full call number Accession Number Koha item type
  Henry Martyn Institute Library Henry Martyn Institute Library 05/16/2011 175.00 297.0954 SID 017994 Books
                   Copyright © 2026 | Henry Martyn Institute | Hyderabad | TS-500052 | INDIA | Implemented by hmi.edu.in
Hit-Count:

Powered by Koha